NFL Top 10 Sacks 1980s - Statistics

General Stats
  • This quiz has been taken 4 times
  • The average score is 35 of 114
Answer Stats
Year Team Player % Correct
1988: 1 Eagles Reggie White
100%
1987: 1 Eagles Reggie White
100%
1986: 3 Eagles Reggie White
100%
1985: 10 Eagles Reggie White
100%
1983: 6 Packers Ezra Johnson
75%
1980: 1 Chargers Gary Johnson
75%
1989: 7 Giants Lawrence Taylor
75%
1988: 3 Giants Lawrence Taylor
75%
1987: 5 Giants Lawrence Taylor
75%
1986: 1 Giants Lawrence Taylor
75%
1985: 10 Giants Lawrence Taylor
75%
1982: 8 Giants Lawrence Taylor
75%
1985: 7 Jets Mark Gastineau
75%
1984: 1 Jets Mark Gastineau
75%
1983: 1 Jets Mark Gastineau
75%
1981: 2 Jets Mark Gastineau
75%
1980: 10 Jets Mark Gastineau
75%
1989: 9 Bills Bruce Smith
50%
1987: 4 Bills Bruce Smith
50%
1986: 6 Bills Bruce Smith
50%
1989: 1 Vikings Chris Doleman
50%
1987: 6 Vikings Chris Doleman
50%
1983: 10 Vikings Doug Martin
50%
1982: 1 Vikings Doug Martin
50%
1983: 2 49ers Fred Dean
50%
1981: 3 49ers/Chargers Fred Dean
50%
1981: 8 Giants George Martin
50%
1985: 8 Eagles Greg Brown
50%
1984: 4 Eagles Greg Brown
50%
1982: 5 Cowboys Harvey Martin
50%
1980: 7 Cowboys Harvey Martin
50%
1981: 6 Rams Jack Youngblood
50%
1980: 10 Rams Jack Youngblood
50%
1987: 10 Seahawks Jacob Green
50%
1986: 10 Seahawks Jacob Green
50%
1985: 6 Seahawks Jacob Green
50%
1983: 4 Seahawks Jacob Green
50%
1981: 5 Seahawks Jacob Green
50%
1989: 4 Rams Kevin Greene
50%
1988: 2 Rams Kevin Greene
50%
1986: 10 Giants Leonard Marshall
50%
1985: 3 Giants Leonard Marshall
50%
1980: 9 Chargers Leroy Jones
50%
1986: 8 Broncos Rulon Jones
50%
1980: 10 Broncos Rulon Jones
50%
1986: 4 Raiders Sean Jones
50%
1987: 9 Cowboys Too Tall Jones
50%
1985: 9 Cowboys Too Tall Jones
50%
1987: 2 Patriots Andre Tippett
25%
1985: 2 Patriots Andre Tippett
25%
1984: 2 Patriots Andre Tippett
25%
1980: 8 Bills Ben Williams
25%
1988: 8 49ers Charles Haley
25%
1986: 10 49ers Charles Haley
25%
1989: 6 Eagles Clyde Simmons
25%
1982: 2 Eagles Dennis Harrison
25%
1983: 10 Raiders Howie Long
25%
1981: 1 Jets Joe Klecko
25%
1980: 3 Falcons Joel Williams
25%
1989: 3 Vikings Keith Millard
25%
1989: 8 Chargers Lee Williams
25%
1986: 5 Chargers Lee Williams
25%
1981: 9 Bengals Reggie Williams
25%
1987: 3 Bears Richard Dent
25%
1985: 1 Bears Richard Dent
25%
1984: 3 Bears Richard Dent
25%
1987: 10 Saints Rickey Jackson
25%
1982: 10 Raiders Ted Hendricks
25%
1989: 2 Packers Tim Harris
25%
1988: 5 Packers Tim Harris
25%
1983: 9 Cardinals Al Baker
0%
1982: 4 Lions Al Baker
0%
1980: 2 Lions Al Baker
0%
1984: 7 Chiefs Art Still
0%
1980: 5 Chiefs Art Still
0%
1987: 10 Redskins Charles Mann
0%
1985: 5 Redskins Charles Mann
0%
1980: 4 Eagles Claude Humphrey
0%
1984: 10 Cardinals Curtis Greer
0%
1983: 5 Cardinals Curtis Greer
0%
1982: 7 Cardinals Curtis Greer
0%
1981: 4 Cardinals Curtis Greer
0%
1982: 3 Bears Dan Hampton
0%
1980: 10 Bears Dan Hampton
0%
1982: 10 Lions Dave Pureifory
0%
1981: 7 Lions Dave Pureifory
0%
1986: 2 Redskins Dexter Manley
0%
1985: 4 Redskins Dexter Manley
0%
1984: 8 Dolphins Doug Betters
0%
1983: 3 Dolphins Doug Betters
0%
1983: 10 49ers Dwaine Board
0%
1983: 10 Bengals Eddie Edwards
0%
1980: 6 Bengals Eddie Edwards
0%
1988: 4 Cardinals Freddie Joe Nunn
0%
1987: 7 Cardinals Freddie Joe Nunn
0%
1988: 10 Rams Gary Jeter
0%
1988: 9 Raiders Greg Townsend
0%
1984: 6 Seahawks Jeff Bryant
0%
1982: 6 Oilers Jesse Baker
0%
1986: 7 Cowboys Jim Jeffcoat
0%
1985: 10 Broncos Karl Mecklenburg
0%
1986: 10 Steelers Keith Willis
0%
1983: 7 Steelers Keith Willis
0%
1989: 10 Chargers Leslie O'Neal
0%
1986: 9 Chargers Leslie O'Neal
0%
1982: 9 Raiders Lyle Alzado
0%
1981: 10 Packers Mike Butler
0%
1988: 6 Lions Mike Cofer
0%
1984: 5 Steelers Mike Merriweather
0%
1989: 5 Saints Pat Swilling
0%
1987: 8 Saints Pat Swilling
0%
1984: 9 Browns Reggie Camp
0%
1988: 7 Bears Steve McMichael
0%
1983: 8 Lions William Gay
0%
No matching quizzes found
Score Distribution
Percent of People with Each Score
Percentile by Number Answered
Your Score History
You have not taken this quiz